000 00381nas a2200157 a 4500
001 21433
003 62366
005 20201118100051.0
008 ||||||n9999 ||| || ||
041 _aspa
245 0 _aCuestiones polĂ­ticas - No.9
260 _aVenezuela :
_bUniversidad del Zulia,
_c1996.
562 _e1
773 _017395
_aCuestiones polĂ­ticas
942 _cSISS
999 _c21433
_d21433